| 000 | 00794nam a2200241Ia 4500 | ||
|---|---|---|---|
| 001 | 21859 | ||
| 005 | 20260320113319.0 | ||
| 008 | 260320s9999||||xx |||||||||||||| ||und|| | ||
| 041 | _aESP | ||
| 082 |
_a302.2 _bS24 |
||
| 100 |
_aSánchez Zúñiga, Jorge, _eAUT |
||
| 245 | 0 |
_aManual de comunicación oral y escrita : _bteoría, ejercicios y reflexiones |
|
| 246 |
_a _5 _b |
||
| 260 |
_a[Lugar de publicación no identificado] : _b[Editor no identificado], _c2019 |
||
| 300 |
_a153, 29 páginas : _b _c29 cm. _e |
||
| 440 |
_a _n _v |
||
| 650 | _aCIS | ||
| 653 | _aInteracción social | ||
| 654 | _aCHU | ||
| 700 |
_a _c |
||
| 856 |
_uhttps://login.ucsp.lookproxy.com/login?url=https://search.ebscohost.com/login.aspx _zVéase además: Base de datos EBSCOhost |
||
| 942 |
_cLIB _dJUS _fMAT _2ddc _n |
||
| 999 |
_c21859 _d21859 |
||